| 000 | 00407pab a2200157 454500 | ||
|---|---|---|---|
| 008 | 180718b1998 xxu||||| |||| 00| 0 eng d | ||
| 100 | _aTong, James | ||
| 245 | _aThe 1989 democracy movement in China: a spatial analysis of city participation | ||
| 260 | _c1998 | ||
| 300 | _ap.310-27 | ||
| 362 | _aMar | ||
| 650 | _aDemocracy - China | ||
| 650 | _aDemocracy | ||
| 773 | _aAsian Survey | ||
| 909 | _a38171 | ||
| 999 |
_c38171 _d38171 |
||